Financování investic v socialistickém podniku

Na minha lista:
Detalhes bibliográficos
Formato: Livro
Idioma:tcheco
Publicado em: Praha Státní nakladatelství technické literatury 1978
Tags: Adicionar Tag
Sem tags, seja o primeiro a adicionar uma tag!

MARC

LEADER 00000nam a2200000 4500
001 c119605
005 20041019155214.6
041 0 |a cze 
044 |a CZ 
245 1 0 |a Financování investic v socialistickém podniku 
264 1 |a Praha  |b Státní nakladatelství technické literatury  |c 1978 
300 |a 232 s.